El bolero en la cultura caribeña y su proyección universal / (Registro nro. 13877)

Detalles MARC
000 -LEADER
fixed length control field 01521nam a2200313 a 4500
001 - CONTROL NUMBER
control field
003 - CONTROL NUMBER IDENTIFIER
control field DO-SdBNP
005 - DATE AND TIME OF LATEST TRANSACTION
control field 20211116114323.0
008 - FIXED-LENGTH DATA ELEMENTS--GENERAL INFORMATION
fixed length control field 110411s2010 dr abcg r 000 0 spa d
020 ## - INTERNATIONAL STANDARD BOOK NUMBER
International Standard Book Number 9789945866650
040 ## - CATALOGING SOURCE
Original cataloging agency DO-SdBNP
Language of cataloging spa
Transcribing agency BPMSU
082 ## - DEWEY DECIMAL CLASSIFICATION NUMBER
Classification number 784.1888
Item number C749m 2010
Edition number 22
111 2# - MAIN ENTRY--MEETING NAME
Meeting name or jurisdiction name as entry element Congreso Internacional Música, Identidad y Cultura en el Caribe
Number of part/section/meeting (3o. :
Date of meeting 2009 :17-19 abril.
Location of meeting Santiago de los Caballeros, República Dominicana)
245 13 - TITLE STATEMENT
Title El bolero en la cultura caribeña y su proyección universal /
Statement of responsibility, etc. editores Darío Tejeda, Rafael Emilio Yunén.
Remainder of title
246 13 - VARYING FORM OF TITLE
Title proper/short title Memorias del tercer Congreso Internacional Música, Identidad y Cultura en el Caribe
260 ## - PUBLICATION, DISTRIBUTION, ETC. (IMPRINT)
Place of publication, distribution, etc. Santo Domingo :
Name of publisher, distributor, etc. Centro León ;
-- Ministerio de Cultura,
Date of publication, distribution, etc. 2010.
Name of publisher, distributor, etc.
300 ## - PHYSICAL DESCRIPTION
Extent 655 p. :
Other physical details il., mapas., música, retrs. ;
Dimensions 26 cm.
500 ## - GENERAL NOTE
General note Incluye referencias bibliográficas y notas al pie de las páginas.
590 ## - LOCAL NOTE (RLIN)
Local note Inventariado, 2021/VM
650 #4 - SUBJECT ADDED ENTRY--TOPICAL TERM
Topical term or geographic name as entry element Bolero (música)
Geographic subdivision República Dominicana
General subdivision Historia y crítica
Form subdivision Congresos, conferencias, etc.
650 #4 - SUBJECT ADDED ENTRY--TOPICAL TERM
Topical term or geographic name as entry element Música
General subdivision Aspectos sociales
Chronological subdivision Caribe, (Región)
Form subdivision Congresos, conferencias, etc.
650 #4 - SUBJECT ADDED ENTRY--TOPICAL TERM
Topical term or geographic name as entry element Música bailable caribeña
General subdivision Historia y crítica
Form subdivision Congresos, conferencias, etc.
700 1# - ADDED ENTRY--PERSONAL NAME
Personal name Tejeda, Darío
Relator term ed.
700 1# - ADDED ENTRY--PERSONAL NAME
Personal name Yunén, Rafael Emilio,
Relator term ed.
710 2# - ADDED ENTRY--CORPORATE NAME
Corporate name or jurisdiction name as entry element Ministerio de Cultura (República Dominicana)
710 1# - ADDED ENTRY--CORPORATE NAME
Corporate name or jurisdiction name as entry element Instituto de Estudios Caribeños (Santo Domingo, República Dominicana)
910 ## - USER-OPTION DATA (OCLC)
User-option data VMateo V.
942 ## - ADDED ENTRY ELEMENTS (KOHA)
Source of classification or shelving scheme Dewey Decimal Classification
Koha item type Libros
Existencias
Withdrawn status Lost status Source of classification or shelving scheme Damaged status Not for loan Collection code Home library Current library Date acquired Source of acquisition Total Checkouts Full call number Barcode Date last seen Price effective from Koha item type
    Dewey Decimal Classification     Colección Dominicana Biblioteca Pública Metropolitana Salomé Ureña Biblioteca Pública Metropolitana Salomé Ureña 11/16/2021 Alanna Rodríguez   BPMSU CD 784.1888 C749m 2010 BPMSU21110091 11/16/2021 11/16/2021 Libros